<?xml version="1.0" encoding="UTF-8"?>
<collection xmlns="http://www.loc.gov/MARC21/slim">
 <record>
  <leader>04811nam a2200349 a 4500</leader>
  <controlfield tag="001">kal1483</controlfield>
  <controlfield tag="003">Gr-AtHEAL</controlfield>
  <controlfield tag="005">20160425113239.0</controlfield>
  <controlfield tag="006">m        d        </controlfield>
  <controlfield tag="008">160413s2015    gr      s           gre|c</controlfield>
  <datafield tag="040" ind1=" " ind2=" ">
   <subfield code="a">GR-AtHEAL</subfield>
   <subfield code="b">gre</subfield>
   <subfield code="c">GR-AtHEAL</subfield>
  </datafield>
  <datafield tag="082" ind1="0" ind2="4">
   <subfield code="a">684.1</subfield>
   <subfield code="2">23</subfield>
  </datafield>
  <datafield tag="100" ind1="1" ind2=" ">
   <subfield code="a">Αβραμούλη, Δήμητρα.</subfield>
   <subfield code="8">1316</subfield>
  </datafield>
  <datafield tag="245" ind1="1" ind2="0">
   <subfield code="a">Εφαρμογές Η/Υ στην επιπλοποιΐα</subfield>
   <subfield code="h">[Ηλεκτρονικός πόρος] </subfield>
   <subfield code="c">Αβραμούλη, Δήμητρα ; κ.α. ; Κριτικός αναγνώστης,Γερογιάννης, Βασίλειος ; Τεχνική επιμέλεια,Ράπτη, Έλλη.</subfield>
  </datafield>
  <datafield tag="260" ind1=" " ind2=" ">
   <subfield code="a">Αθήνα :</subfield>
   <subfield code="b">Σύνδεσμος Ελληνικών Ακαδημαϊκών Βιβλιοθηκών,</subfield>
   <subfield code="c">c2015.</subfield>
  </datafield>
  <datafield tag="490" ind1=" " ind2=" ">
   <subfield code="a">Ακαδημαϊκά Ηλεκτρονικά Συγγράμματα και Βοηθήματα Κάλλιπος</subfield>
   <subfield code="8">40</subfield>
  </datafield>
  <datafield tag="520" ind1=" " ind2=" ">
   <subfield code="a">Το παρόν βιβλίο απευθύνεται σε σπουδαστές και κατασκευαστές επίπλου έχοντας ως κύριο στόχο την εξοικείωση με τις βασικές έννοιες της Πληροφορικής και την παρουσίαση Εφαρμογών Λογισμικού χρήσιμων σε επιχειρήσεις που σχετίζονται με Επιπλοποιία και Ξυλοκατασκευές. Ιδιαίτερη έμφαση δίνεται στην περιγραφή των πιο διαδεδομένων Εφαρμογών Πληροφορικής ως βασικών εργαλείων οργάνωσης και λειτουργίας μιας σύγχρονης επιχείρησης Ξύλου και Επίπλου, και η παρουσίαση της ύλης συνοδεύεται από πλήθος παραδειγμάτων και εφαρμογών. Το περιεχόμενο του βιβλίου καλύπτει τις σημαντικότερες λύσεις εμπορικού και δωρεάν λογισμικού που υποστηρίζουν τις λειτουργικές διαδικασίες επιχειρήσεων επιπλοποιίας. Ιδιαίτερη έμφαση δίνεται στην περιγραφή μεθόδων διακίνησης, προβολής και αξιοποίησης της πληροφορίας με χρήση Διαδικτύου. Σε επιμέρους κεφάλαια παρουσιάζονται εφαρμογές που καλύπτουν τόσο το χρηματοοικονομικό τομέα (WMS, ERP, CRM), όσο και τους τομείς παραγωγής και αυτοματισμού γραφείου των σύγχρονων επιχειρήσεων επίπλου. Σε κάθε κεφάλαιο τονίζονται ιδιαίτερα τα οφέλη που προκύπτουν από την χρήση της εκάστοτε εφαρμογής λογισμικού καθώς και η συμβολή της στην παραγωγικότητα και την ανταγωνιστικότητα της επιχείρησης. Επιπλέον, τα κεφάλαια διανθίζονται με διαδραστικές παρουσιάσεις και πολυμεσικό περιεχόμενο για καλύτερη κατανόηση της ύλης ενώ περιλαμβάνουν ερωτήσεις πολλαπλής επιλογής και ασκήσεις που καλύπτουν διαφορετικά επίπεδα δυσκολίας.</subfield>
  </datafield>
  <datafield tag="650" ind1=" " ind2="0">
   <subfield code="a">Cabinetwork</subfield>
   <subfield code="x">Data processing</subfield>
   <subfield code="8">2407</subfield>
  </datafield>
  <datafield tag="653" ind1=" " ind2=" ">
   <subfield code="a">Τεχνολογία ξύλου-επίπλου</subfield>
  </datafield>
  <datafield tag="653" ind1=" " ind2=" ">
   <subfield code="a">Επιπλοποιΐα</subfield>
  </datafield>
  <datafield tag="653" ind1=" " ind2=" ">
   <subfield code="a">Εφαρμογές λογισμικού</subfield>
  </datafield>
  <datafield tag="653" ind1=" " ind2=" ">
   <subfield code="a">Γεωπονικές επιστήμες</subfield>
   <subfield code="a">Δασική επιστήμη και δασικά προϊόντα</subfield>
   <subfield code="a">Δασοπονία</subfield>
  </datafield>
  <datafield tag="653" ind1=" " ind2=" ">
   <subfield code="a">Επιστήμη υπολογιστών/πληροφορική</subfield>
   <subfield code="a">Αρχές ανάπτυξης λογισμικού</subfield>
  </datafield>
  <datafield tag="700" ind1="1" ind2=" ">
   <subfield code="a">Ράπτη, Έλλη</subfield>
   <subfield code="e">Συγγραφέας</subfield>
   <subfield code="8">1317</subfield>
  </datafield>
  <datafield tag="700" ind1="1" ind2=" ">
   <subfield code="a">Ντιντάκης, Ιωάννης</subfield>
   <subfield code="e">Συγγραφέας</subfield>
   <subfield code="8">1318</subfield>
  </datafield>
  <datafield tag="700" ind1="1" ind2=" ">
   <subfield code="a">Καραγεώργος, Αντώνιος</subfield>
   <subfield code="e">Συγγραφέας</subfield>
   <subfield code="8">1319</subfield>
  </datafield>
  <datafield tag="700" ind1="1" ind2=" ">
   <subfield code="a">Γερογιάννης, Βασίλειος</subfield>
   <subfield code="e">Κριτικός αναγνώστης</subfield>
   <subfield code="8">1320</subfield>
  </datafield>
  <datafield tag="856" ind1="4" ind2="0">
   <subfield code="u">http://hdl.handle.net/11419/1483</subfield>
   <subfield code="z">Πλήρες Κείμενο - Full text</subfield>
  </datafield>
  <datafield tag="907" ind1=" " ind2=" ">
   <subfield code="a">.b25680857</subfield>
   <subfield code="b">12-06-18</subfield>
   <subfield code="c">29-07-16</subfield>
  </datafield>
  <datafield tag="949" ind1=" " ind2=" ">
   <subfield code="0">0</subfield>
   <subfield code="1">0</subfield>
   <subfield code="2">ddc</subfield>
   <subfield code="4">0</subfield>
   <subfield code="6">684_100000000000000_ΑΒΡ</subfield>
   <subfield code="7">0</subfield>
   <subfield code="8">KALL</subfield>
   <subfield code="8">844</subfield>
   <subfield code="d">2016-04-13</subfield>
   <subfield code="r">2016-04-13</subfield>
   <subfield code="w">2016-04-13</subfield>
   <subfield code="z">684.1 ΑΒΡ</subfield>
   <subfield code="o">SEAB KALLIPOS</subfield>
  </datafield>
  <datafield tag="998" ind1=" " ind2=" ">
   <subfield code="a">80</subfield>
   <subfield code="a">01</subfield>
   <subfield code="a">02</subfield>
   <subfield code="a">03</subfield>
   <subfield code="a">04</subfield>
   <subfield code="a">05</subfield>
   <subfield code="a">06</subfield>
   <subfield code="a">07</subfield>
   <subfield code="a">08</subfield>
   <subfield code="a">09</subfield>
   <subfield code="a">10</subfield>
   <subfield code="a">11</subfield>
   <subfield code="a">12</subfield>
   <subfield code="a">13</subfield>
   <subfield code="a">14</subfield>
   <subfield code="a">15</subfield>
   <subfield code="a">16</subfield>
   <subfield code="a">17</subfield>
   <subfield code="a">18</subfield>
   <subfield code="a">19</subfield>
   <subfield code="a">20</subfield>
   <subfield code="a">21</subfield>
   <subfield code="a">22</subfield>
   <subfield code="a">23</subfield>
   <subfield code="a">24</subfield>
   <subfield code="a">25</subfield>
   <subfield code="a">26</subfield>
   <subfield code="b">22-05-17</subfield>
   <subfield code="c">m</subfield>
   <subfield code="d">z  </subfield>
   <subfield code="e">-</subfield>
   <subfield code="f">gre</subfield>
   <subfield code="g">gr </subfield>
   <subfield code="h">0</subfield>
  </datafield>
  <datafield tag="942" ind1=" " ind2=" ">
   <subfield code="2">ddc</subfield>
   <subfield code="c">KALLIPOS</subfield>
  </datafield>
 </record>
</collection>
